| 000 | 00712nam a2200253 i 4500 | ||
|---|---|---|---|
| 001 | 52157 | ||
| 003 | ES-MaACL | ||
| 005 | 20250829112150.0 | ||
| 007 | t| | ||
| 008 | 030826s1971 sp |||| | spa d | ||
| 080 | _a159.962 | ||
| 100 | 1 |
_aChauchard, Paul. _938194 |
|
| 245 | 1 | 0 |
_aHipnosis y sugestión / _cpor Paul Chauchard ; [traducción de N. Batlle]. |
| 250 | _a1ª ed. | ||
| 260 |
_aBarcelona, etc. : _bOikos-Tau, _c1971. |
||
| 300 |
_a126 p. ; _c18 cm. |
||
| 490 | 1 |
_a¿Qué sé? ; _v31 |
|
| 650 | 0 | 4 |
_aHipnosis. _913363 |
| 650 | 4 |
_aSugestión. _9149424 |
|
| 700 | 1 |
_aBatlle, N. _926444 |
|
| 830 | 0 |
_a¿Qué sé? _v31 _9181382 |
|
| 852 |
_aES-MaACL _jC-44421 |
||
| 999 |
_c52157 _d52157 |
||